[Event "BCF-ch Senior"]
[Site "Torquay"]
[Date "2013.08.08"]
[Round "6.59"]
[White "Doye, Peter C"]
[Black "Plater, Ronald"]
[Result "0-1"]
[WhiteElo "2021"]
[BlackElo "1878"]
[PlyCount "126"]
[EventDate "2013.08.03"]
[EventType "swiss"]
[EventRounds "7"]
[EventCountry "ENG"]
[SourceTitle "EXT 2023"]
[Source "ChessBase"]
[SourceDate "2022.10.05"]
[SourceVersion "1"]
[SourceVersionDate "2022.10.05"]
[SourceQuality "1"]

1. Nf3 Nf6 2. g3 d5 3. Bg2 Bf5 4. 0-0 e6 5. d4 Bd6 6. c4 c6 7. cxd5 exd5 8. Nc3 0-0 9. Qb3 Qb6 10. Qxb6 axb6 11. Bf4 Bxf4 12. gxf4 b5 13. a3 Nbd7 14. e3 Nb6 15. Nd2 Bd3 16. Rfd1 Nc4 17. Nxc4 bxc4 18. Bf1 Bf5 19. Rac1 Rfe8 20. Be2 Re6 21. Bf3 Nd7 22. Kh1 Nb6 23. Rg1 Kf8 24. Bg4 Bxg4 25. Rxg4 Na4 26. Nxa4 Rxa4 27. Rgg1 g6 28. Kg2 Kg7 29. Kf3 Kf6 30. Rg5 h6 31. Re5 Rxe5 32. fxe5+ Kf5 33. h4 h5 34. Ke2 b5 35. f3 g5 36. hxg5 Kxg5 37. Rg1+ Kh6 38. Kd2 b4 39. axb4 Rxb4 40. Kc2 Rb3 41. Re1 h4 42. f4 h3 43. f5 Kg5 44. e6 fxe6 45. fxe6 Kf6 46. Rf1+ Kxe6 47. Rf3 h2 48. Rh3 Kf5 49. Rxh2 Ke4 50. Rh6 Kxe3 51. Rxc6 Kxd4 52. Rc8 Rf3 53. Rd8 Rf2+ 54. Kb1 Ke4 55. Rc8 Kd3 56. Rc7 Rf1+ 57. Ka2 d4 58. Rc8 c3 59. bxc3 Rc1 60. Kb2 Rc2+ 61. Kb1 Rxc3 62. Rxc3+ dxc3 63. Kc1 c2 0-1